| 000 | 01032nam a2200229Ia 4500 | ||
|---|---|---|---|
| 003 | Ost | ||
| 005 | 20260507075212.0 | ||
| 008 | 260507s9999||||xx |||||||||||||| ||und|| | ||
| 020 | _a65302499579 | ||
| 040 | _cfsecg | ||
| 041 | _aara | ||
| 082 | _a330 | ||
| 100 |
_aالقباني، ثناء علي _eمؤلف |
||
| 245 | 0 |
_aإدارة التكلفة و تحليل الربحية / _c ثناء علي القباني |
|
| 260 |
_aعمان: _bدار صفاء, _c2009 |
||
| 300 |
_a463 صفحة؛ _bإيضاحات ؛ _c24 سم |
||
| 520 | _aإدارة التكاليف على أساس النشاط ، التكاليف المعيارية و الموازنة المرنة و تحليل الانحرافات ،اتخاذ القرارات و المعلومات التكاليفية المناسبة ، قرارات التسعير و إدارة التكلفة ، تحليل الربحية . | ||
| 653 | _aالأرباح | ||
| 653 | _aالمحاسبة المالية | ||
| 653 | _aمحاسبة التكاليف | ||
| 942 | _cكتاب | ||
| 999 |
_c43472 _d43472 |
||